000 00960nam a22002297a 4500
003 OSt
005 20260128093937.0
008 230612b ||||| |||| 00| 0 eng d
040 _cSSBUL
041 _ashan
082 _223
_a896.919
100 0 _aၼၼ်ႇတိယ(ပၢင်လူင်)၊
_cၸဝ်ႈ။
_924566
245 1 0 _aၶူးလၢႆးတႅမ်ႈ - ႁေႃးလိၵ်ႈလင်ႇၵႃႇ၊ ၵႂၢမ်း၊ ပိၼ်ႇၽႃႇသႃႇလိၵ်ႈမၢၼ်ႈ /
_cၸဝ်ႈၼၼ်ႇတိယ(ပၢင်လူင်)။
260 _c2012 ။
300 _aL, 188 ၼႃႈ၊
_bပႃးလွၵ်း၊
_c21 ၸိၼ်ႇတီႇ။
500 _a S-SAT: Dr. Prof Sai Aung Tun
504 _aပႃးၽိုၼ်ဢိင်
650 _aလၢႆးတႅမ်ႈလိၵ်ႈ - လိၵ်ႈလၢႆးတႆး
_925758
942 _cBK
942 _2ddc
942 _2ddc
999 _c25643
_d25643